Educación, refugiados y personas desplazadas /
Gorde:
| Egile nagusia: | |
|---|---|
| Formatua: | Texto |
| Gaiak: | |
| Etiketak: |
Etiketa erantsi
Etiketarik gabe, Izan zaitez lehena erregistro honi etiketa jartzen!
|
MARC
| LEADER | 00000 a a2200000 04500 | ||
|---|---|---|---|
| 001 | 16375 | ||
| 003 | |||
| 040 | |||
| 100 | |a Marshall, Janice | ||
| 245 | |a Educación, refugiados y personas desplazadas / |c Janice Marshall | ||
| 500 | |a Transcripción de la ponencia presentada por Janice Marshall en el Marco del XX Curso Interdisciplinario en Derechos Humanos | ||
| 650 | |a CONF. | ||
| 650 | |a MIGRACION FORZADA | ||
| 650 | |a PERSONAS DESPLAZADAS | ||
| 650 | |a REFUGIADOS | ||
| 650 | |a PROTECCION LEGAL | ||
| 650 | |a DERECHO A LA EDUCACION | ||
| 650 | |a ACCESO A LA EDUCACION | ||
| 650 | |a ACNUR | ||
| 773 | |g número 36 Especial; páginas 193-218 | ||
| 999 | |c 22492 |d 22492 | ||
